Christmas Carols By Lyrics Quiz - Statistics

General Stats
  • This quiz has been taken 75 times
  • The average score is 8 of 25
Answer Stats
Lyric Answer % Correct
Later we'll have some pumpkin pie and we'll do some caroling Rockin' Around the Christmas Tree
62%
Sing we joyous altogether (fa la la) heedless of the wind and weather (fa la la) Deck the Halls
54%
Running here and there all around the square saying "Catch me if you can!" Frosty the Snowman
50%
We'll frolick and play the Eskimo way Winter Wonderland
44%
Let's give thanks to the Lord above 'cause Santa Claus comes tonight Here Comes Santa Claus
42%
Children laughing, people passing, meeting smile after smile Silver Bells
40%
A child, a child, shivers in the cold; let us bring him silver and gold Do You Hear What I Hear?
38%
Glories stream from heaven afar, heavenly hosts sing alleluia Silent Night
38%
And so I'm offering a simple phrase to kids from 1 to 92 The Christmas Song
38%
Here we are as in olden days, happy golden days of yore Have Yourself a Merry Little Christmas
37%
Dolls that'll talk and will go for a walk is the hope of Janice and Jen It's Beginning to Look a Lot Like Christmas
37%
All Hail! Lord, we greet Thee, born this happy morning O Come All Ye Faithful
35%
For Christ is born of Mary and gathered all above O Little Town of Bethlehem
35%
Myrrh is mine, its bitter perfume breathes a life of gathering doom We Three Kings
33%
And to the Earth it gave great light and so it continued both day and night The First Noel
31%
Oh how they pound, raising the sound, o'er hill and dale, telling their tale. Carol of the Bells
27%
Want a plane that loops the loop; me I want a hula hoop The Chipmunk Song
25%
How that in Bethlehem was born the son of God by name God Rest Ye Merry Gentlemen
23%
The world in solemn stillness lay to hear the angels sing It Came Upon a Midnight Clear
23%
No more let sin and sorrows grow nor thorns infest the ground Joy to the World
23%
That sleeping child you're holding is the great I AM Mary, Did You Know?
19%
Led by the light of faith serenely beaming with glowing hearts by his cradle we stand O Holy Night
13%
And as we trim the tree how much fun it's gonna be together This Christmas
8%
Mary, Joseph, lend your aid while our hearts in love we raise Angels We Have Heard On High
6%
Fun for all that children call their favorite time of year Christmas Time is Here
6%
No matching quizzes found
Score Distribution
Percent of People with Each Score
Percentile by Number Answered
Your Score History
You have not taken this quiz